| 000 | 00420nam a2200157Ia 4500 | ||
|---|---|---|---|
| 003 | LK-CoDNM | ||
| 008 | 010623t1969 xxu||||| |||| 00| 1 eng d | ||
| 040 |
_aLK-CoDNM _dLK-CoDNM _eLK-CoDNM |
||
| 041 | _aeng | ||
| 080 | _a(x)91(026) HUL | ||
| 100 | _aHulugalle. H.A.J. | ||
| 245 | _aGuide to Ceylon ( Sri Lanka ) | ||
| 260 |
_bLake House Investments Ltd _aColombo _c1969 |
||
| 300 | _b134p,pl,maps, 21 cm | ||
| 942 | _cBK | ||
| 999 |
_c107789 _d107789 |
||